| 000 | 01065nam a22002657a 4500 | ||
|---|---|---|---|
| 008 | 130821s2008 xxua gr eng | ||
| 020 | _a0470171324 | ||
| 020 | _a9780470171325 | ||
| 040 |
_aCo-BoUCM _bspa |
||
| 041 | 0 | 0 | _aeng |
| 100 | 1 |
_aBarron, E. N. _q(Emmanual N.) _d1949- _9171896 |
|
| 245 | 1 | 0 |
_aGame theory an introduction _cE. N. Barron. |
| 260 |
_aHoboken (Nueva Jersey, Estados Unidos) _bWiley-Interscience _c2008 |
||
| 300 |
_axx, 415 páginas _bilustraciones |
||
| 504 | _aIncluye referencias bibliográficas e índice. | ||
| 650 | 0 | 4 |
_aMatemáticas _919031 |
| 650 | 0 | 4 |
_aModelos matemáticos _97842 |
| 650 | 0 | 4 |
_aTeoría de los juegos _925291 |
| 650 | 0 | 4 |
_aToma de decisiones _925505 |
| 856 | 4 | 1 |
_3Contenido _uhttp://www.loc.gov/catdir/enhancements/fy0739/2007029091-t.html |
| 856 | 4 | 2 |
_3Biografía _uhttp://www.loc.gov/catdir/enhancements/fy0806/2007029091-b.html |
| 856 | 4 | 2 |
_3Publicador _uhttp://www.loc.gov/catdir/enhancements/fy0739/2007029091-d.html |
| 942 |
_cLIBRO _2DEWEY _a25 _e1 _h519.3 _mB277g |
||
| 999 |
_c92421 _d92421 |
||